Library Banner

OS/2 LAN server : Certification handbook (Record no. 15073)

MARC details
000 -LEADER
fixed length control field 00555nam a2200193Ia 4500
001 - CONTROL NUMBER
control field 14482
008 - FIXED-LENGTH DATA ELEMENTS--GENERAL INFORMATION
fixed length control field 140402s9999 xx 000 0 und d
020 ## - INTERNATIONAL STANDARD BOOK NUMBER
International Standard Book Number 1-56205-406-6
040 ## - CATALOGING SOURCE
Transcribing agency PK-LaUMT
082 ## - DEWEY DECIMAL CLASSIFICATION NUMBER
Classification number 004.67
Item number CHA-O
100 ## - MAIN ENTRY--PERSONAL NAME
Personal name Chambers, W. Craig
245 ## - TITLE STATEMENT
Title OS/2 LAN server : Certification handbook
Statement of responsibility, etc Chambers, W. Craig<>Fisher, Bill, J.A.; (Lovell, Charles), J.A.
260 ## - PUBLICATION, DISTRIBUTION, ETC. (IMPRINT)
Date of publication, distribution, etc 1995
300 ## - PHYSICAL DESCRIPTION
Extent 1500 p.
546 ## - LANGUAGE NOTE
Language note EN
650 ## - SUBJECT ADDED ENTRY--TOPICAL TERM
Topical term or geographic name as entry element LAn server (Computer file)
700 ## - ADDED ENTRY--PERSONAL NAME
Personal name Fisher, Bill, J.A.; (Lovell, Charles), J.A.
942 ## - ADDED ENTRY ELEMENTS (KOHA)
Koha item type Books
Holdings
Withdrawn status Lost status Damaged status Not for loan Home library Current library Date acquired Total Checkouts Full call number Barcode Date last seen Price effective from Koha item type
        UMT Main Campus UMT Main Campus 2014-04-02   004.67 CHA-O 16679 2014-04-21 2014-04-21 Books